Building understanding: a thematic approach to reading comprehension

Saved in:
Bibliographic Details
Main Authors: Baker-González, Joan (Author), Blau, Eileen K (Author)
Format: Book
Language:English
Published: Oxford Longman 1995
Subjects:
Tags: Add Tag
No Tags, Be the first to tag this record!

MARC

LEADER 00000nam a2200000 a 4500
001 UCP5727
003 CL-VaPUC
008 990927e19950000UK |||||||||||||||||eng|d
082 0 4 |a 428.64  |b BAK  |2 21 
100 0 |a Baker-González, Joan  |e author  |9 434285 
700 0 |a Blau, Eileen K  |e author  |9 434286 
245 1 0 |a Building understanding: a thematic approach to reading comprehension 
300 |a 238 p 
942 |c BK 
945 |d 19990927 00:00:00  |a vberengu 
260 |a Oxford  |b Longman  |c 1995 
650 0 |a Enseñanza del inglés  |9 367340 
650 0 |a Comprensión   |9 339377 
650 0 |a Lingüística  |9 265068 
650 0 |a Enseñanza de idiomas  |9 339820 
650 7 |a LECCIONES  |2 CL-VaPUC  |9 351131 
650 0 |a Métodos de enseñanza  |9 270413 
583 |a last modification  |c 19990927 00:00:00  |k Rodrigo Vera 
999 |c 283400  |d 283398 
952 |0 0  |1 0  |4 0  |6 428_640000000000000_BAK_1995  |7 0  |8 A  |9 326537  |a BIBEDU  |b BIBEDU  |d 2019-11-20  |i 3564037  |o 428.64 BAK 1995  |p 3564037  |r 2019-11-20  |w 2019-11-20  |y BK  |k CIT